[Štatistická analýza chudoby a sociálneho vylúčenia v kontexte Stratégie Európa 2020]
Recenzia na Zborník vedeckých statí, ktorý bol spracovaný v rámci projektu VEGA 1/0548/16 a ktorý je venovaný analýze chudoby a sociálneho vylúčenia s dôrazom pokroku Slovenska pri napĺňaní stratégie Európa 2020 pri znižovaní chudoby a sociálneho vylúčenia. Autorský kolektív monografického zborníka...
Enregistré dans:
| Auteur principal: | |
|---|---|
| Format: | Chapitre de livre |
| Langue: | slovaque |
| Sujets: | |
| Tags: |
Pas de tags, Soyez le premier à ajouter un tag!
|
MARC
| LEADER | 00000nla a2200000 4500 | ||
|---|---|---|---|
| 001 | 0225832 | ||
| 005 | 20240502073714.5 | ||
| 041 | 0 | |a slo | |
| 044 | |a SK | ||
| 245 | 1 | 0 | |a [Štatistická analýza chudoby a sociálneho vylúčenia v kontexte Stratégie Európa 2020] |c Silvia Megyesiová |
| 520 | |a Recenzia na Zborník vedeckých statí, ktorý bol spracovaný v rámci projektu VEGA 1/0548/16 a ktorý je venovaný analýze chudoby a sociálneho vylúčenia s dôrazom pokroku Slovenska pri napĺňaní stratégie Európa 2020 pri znižovaní chudoby a sociálneho vylúčenia. Autorský kolektív monografického zborníka podrobne analyticky pristupuje k zhodnoteniu stavu a úspechov resp. problémových oblastí chudoby a sociálneho vylúčenia v krajinách EÚ. | ||
| 610 | 2 | 0 | |a recenzie |
| 610 | 2 | 0 | |a Európa |
| 610 | 2 | 0 | |a Slovensko |
| 610 | 2 | 0 | |a vylúčenie sociálne |
| 100 | 1 | |a Megyesiová, Silvia, 1969- | |